Shakespeare Plays (A-Z) Quiz Stats

 Plays Quiz Updated May 9, 2012

Score 0/12 Timer 03:00
5 Plays Today
Letter Play(s) % Correct
MMacbeth, Measure for Measure, The Merchant of Venice, The Merry Wives of Windsor,..
96.1%
HHamlet, Henry IV, Henry V, Henry VI, Henry VIII
93.9%
RRichard II, Richard III, Romeo and Juliet
93.6%
OOthello
86.4%
TThe Tempest, Timon of Athens, Titus Andronicus, Troilus and Cressida, Twelfth Night,..
85.1%
KKing John, King Lear
79%
AAll's Well That Ends Well, Antony and Cleopatra, As You Like It
68.8%
JJulius Caesar
59.3%
CThe Comedy of Errors, Coriolanus, Cymbeline
42.9%
LLove's Labour's Lost
37.8%
WThe Winter's Tale
33.8%
PPericles, Prince of Tyre
24.2%

You're not logged in!

Compare scores with friends on all Sporcle quizzes.
OR
Log In

Sporcle TV

Today on Sporcle TV


Watch our educational content, quiz creation guides, and fun videos on Sporcle TV.

Show Comments

Extras

Top Quizzes Today


Score Distribution

Your Account Isn't Verified!

In order to create a playlist on Sporcle, you need to verify the email address you used during registration. Go to your Sporcle Settings to finish the process.

Report this User

Report this user for behavior that violates our Community Guidelines.

Details: